লোডিং...

Retailing an economic view

গ্রন্থ-পঞ্জীর বিবরন
প্রধান লেখক: Dalrymple
অন্যান্য লেখক: Thompson
বিন্যাস: Printed Book
ভাষা:English
বিষয়গুলি:
LEADER 00457nam a2200169 a 4500
005 20151215124738.0
008 960221s1955 dcuabcdjdbkoqu001 0deng d
003 ViArRB
082 |a X:51  |b K96;1 
100 |a Dalrymple   |9 8002 
245 |a Retailing an economic view 
653 |a   
700 |a Thompson  |9 8001 
942 |c BK  |6 _ 
500 |a X:51 K96;1 
999 |c 91011  |d 91011 
952 |0 0  |1 0  |4 0  |6 _  |7 0  |9 114145  |a SMS   |b SMS  |d 0000-00-00  |p SMS6484  |r 2009-08-21  |w 2009-08-21  |y BK